Places by Single Word - Statistics

General Stats
  • This quiz has been taken 116 times
    115 since last reset
  • The average score is 8 of 14
Answer Stats
Hint Answer % Correct
IKEA Sweden
96%
Afrikaans South Africa
87%
Allemange Germany
84%
Simon Bolivar Bolivia
79%
D-Day Normandy
61%
Alexander (the Great) Macedonia
60%
Doge Venice
57%
Monegasque Monaco
53%
Беларусь Belarus
52%
1989 Berlin
51%
Punic Wars Tunis
45%
Ngerulmud Palau
39%
Lutetia Paris
31%
NEWBORN Pristina
4%
No matching quizzes found
Score Distribution
Percent of People with Each Score
Percentile by Number Answered
Your Score History
You have not taken this quiz since the last reset